QCM Sport en 40 questions - Statistiques

Statistiques générales
  • Ce quiz a été pris 50 fois
  • Le résultat moyen est 15 sur 40
Statistiques - réponses
Question Réponse % Correct
Qui est le meilleur buteur du Mondial 2011 de Handball ? Mikkel Hansen
58%
Qui a fini meilleur buteur du championnat de France de football de Ligue 2 en 2018 ? Umut Bozok
58%
Qui obtient la médaille de bronze chez les femmes en surf aux JO de Paris 2024 ? Johanne Defay
56%
Qui a remporté la danse sur glace en patinage artistique avec Gabriella Papadakis au JO 2022 de Pékin ? Guillaume Cizeron
53%
Qui a remporté le Grand Prix automobile de Monaco de Formule 1 en 2004 ? Jarno Trulli
53%
Quel joueur ouvre le score sur coup franc en demi finale de la Coupe du Monde 2018 de Football entre la Croatie et l'Angleterre ? Kieran Trippier
53%
Qui a remporté le grand prix moto GP (500 cm³ à l'époque) de France en 2001 sur le circuit du Mans ? Max Biaggi
49%
Qui a terminé 3e du Tour de France de cyclisme 2019 ? Steven Kruijswijk
49%
Tennisman finaliste de Wimbledon en 2000 et 2001 Patrick Rafter
47%
Qui termine Meilleur rebondeur de la NBA en moyenne de prises par match en 2002 (13,0) et 2003 (15,4) ? Ben Wallace
44%
Quel skipper remporte la Route du Rhum en 2010 ? Franck Cammas
44%
Qui est la championne olympique de Judo des moins de 70kg des JO 2012 de Londres ? Lucie Décosse
44%
Qui a remporté le maillot à pois au final sur les Tour de France 2005 et 2006 ? Michael Rasmussen
44%
Qui a été le 1er choix de la draft 2005 de NBA (Basket-ball) ? Andrew Bogut
42%
Qui remporte le 100m nage libre aux JO de Londres 2012 ? Nathan Adrian
42%
Qui a remporté sa seule victoire pro sur le Tour de Lombardie en 2011 ? (un des 5 monuments du cyclisme sur route) Oliver Zaugg
42%
Qui a remporté l'or olympique de volleyball avec la France aux JO de Tokyo 2020 et Paris 2024 ? Barthélémy Chinenyeze
40%
Qui a remporté le Masters de Golf d'Augusta en 2015 ? Jordan Spieth
40%
Qui est le Meilleur buteur de l'histoire du championnat de France de Handball (2501 buts au 7 octobre 2024), meilleur buteur des saisons 2017 à 2019 ? Raphaël Caucheteux
37%
Lors du match de Football France Irlande 2009, célèbre pour la passe décisive de la main d'Henry qui qualifie la France pour la CDM, qui garde les buts irlandais ? Shay Given
37%
Qui est champion du monde de ski alpin en Super G en 2009 Didier Cuche
35%
Qui est champion du Monde d'Escrime à l'Epée en 2003 ? Fabrice Jeannet
35%
Qui a remporté 14 titres de champion du Monde de Fléchettes dont le dernier en 2013 ? Phil Taylor
35%
Qui termine 2e derrière Eunice Barber en finale des mondiaux de Paris 2003 de saut en longueur ? Tatyana Kotova
35%
Qui termine 2e derrière Pierre-Ambroise Bosse du 800m des mondiaux de Londres 2017 ? Adam Kszczot
33%
Qui fut à son meilleur classement ATP 7e mondial de Tennis le 15/08/2011 ? Mardy Fish
33%
Qui a été champion du monde de Tennis de Table messieurs en 2003 ? (Le dernier non chinois au moment du quiz..) Werner Schlager
33%
Qui est championne du monde d'Heptathlon à Osaka en 2007 ? Carolina Klüft
30%
Qui est champion du Monde messieurs de Patinage artistique en 2024 ? Ilia Malinin
30%
Qui est champion du Monde du saut à la perche en 2013 ? Raphael Holzdeppe
30%
Qui remporte le gros globe de cristal du classement général de la Coupe du monde de biathlon féminine au terme de la saison 2015-2016 ? Gabriela Koukalová
28%
Qui est le meilleur réalisateur de la coupe du monde 2011 de rugby à XV avec 62 pts ? Morné Steyn
28%
Qui marque le dernier but de la finale de la Ligue des Champions 2003 entre le FC Porto et l'AS Monaco Dmitri Alenitchev
26%
Qui était le capitaine du XV d'Australie en finale de la coupe du Monde 2003 de rugby ? George Gregan
26%
Qui remporte la Vitesse individuelle aux JO de Tokyo 2020 (2021) ? Harrie Lavreysen
26%
Qui bat Dany Dann en finale des JO 2024 de breakdance ? Phil Wizard
26%
Qui remporte en 2016 le trophée Cy Young du meilleur lanceur de la Ligue américaine de baseball ? Rick Porcello
21%
Qui a été le 1er choix de la draft 2017 de NHL (Hockey sur glace) ? Nico Hischier
19%
Qui remporte le championnat du monde de Squash en 2004 ? Thierry Lincou
16%
Quel nageur est champion du monde du 800m et 1500m nage libre aux mondiaux de 2023 de Fukuoka ? Ahmed Hafnaoui
12%
Aucun quiz correspondant
Distribution des résultats
% des personnes avec chaque résultat
Percentile par nombre de réponses
Votre historique - résultats
Vous n’avez pas pris ce quiz